Classifica Marcatori Bologna All-Time - Statistics

Statistiche generali
  • Questo quiz è stato fatto 12 volte
  • Il punteggio medio è 3 su 10
Statistiche sulle risposte
Gol Nazione Calciatore % Corretto
252 Italia Angelo Schiavio
80%
103 Danimarca Harald Nielsen
60%
144 Italia Ezio Pascutti
50%
130 Italia Giuseppe Savoldi
30%
159 Italia Carlo Reguzzoni
20%
91 Uruguay / Italia Ettore Puricelli
20%
108 Italia Gino Pivatelli
20%
102 Italia Bruno Maini
10%
88 Italia Cesarino Cervellati
10%
95 Italia Giuseppe Della Valle
10%
Nessun quiz corrispondente trovato
Distribuzione punteggi
Percentuale di utenti per punteggio
Percentile per numero di risposta
I tuoi punteggi nel tempo
Non hai fatto questo quiz